000
00314 a2200157 4500
001
73389
020
_a
040
_c
Anchieta - Colégio São Paulo
240
1
0
_a
História
_l
por
245
1
0
_a
História
300
_a
36
362
0
_a
2008
440
1
_a
Positivo
650
4
_a
História do mundo
942
_c
BK
999
_c
73389
_d
73389